1218 1274 1877 1085 1479 1323 1377 1862 1412 1708 1205 1455 1717 1655 1355 1253 1327 1896 1472 2000 1709 1382 1802 1471 1303 1761 1531 1767 1226 1976 1806 1155 1757 1336 1031 1179 1658 1826 1807 1673 1475 1619 1651 1253 1808 1457 1459 1746 1663 1444 1417 1434 1186 1534 1556 1102 1642 1037 1107 1168 1521 1527 1238 1195 1355 1596 1264 1847 1289 1443 1588 1877 1267 1522 1205 1288 1316 1706 1089 1456 1542 1216 1081 1256 1443 1215 1245 1261 1005 1887 1473 1937 1992 1345 1544 1524 1853 1892 1803 BCNSPRNW ULIB Ver.6.0+V

เปลี่ยนเป็นภาษาไทย

Change to English
 แสดงรายละเอียดบรรณานุกรม
  กลับหน้าหลัก

Brief Record : Get Marc (ISO 2709) : E-mail record : QR code < ปิดหน้าต่าง
LEADER : 00000nam 2200000uu 4500
001    13399123780
003     ULIB
008    141127s2557||||th 000 0 tha d
020    ^a9786163212382
060 04 ^aWY106^bพ718ท
100 0  ^aพิมพ์พรรณ ศิลปสุวรรณ
245 10 ^aทฤษฎี ปรัชญา ความรู้สู่การปฏิบัติในงานพยาบาลอนามัยชุมชน /^cพิมพ์พรรณ ศิลปสุวรรณ
246 30 ^aทฤษฎี-ปรัชญา ความรู้สู่การปฏิบัติในงานพยาบาลอนามัยชุมชน
250    ^aพิมพ์ครั้งที่ 4
260    ^aกรุงเทพฯ :^bภาควิชาการพยาบาลสาธารณสุข คณะสาธารณสุขศาสตร์มหาวิทยาลัยมหิดล,^c2557
300    ^a613 หน้า :^bภาพประกอบ
505 0  ^aพยาบาลสาธารณสุขและมาตรฐานการปฏิบัติงาน - - การปฎับิติการพยาบาลสาธารณสุขในชุมชน - - ธรรมชาติของปรัชญา : วิถีของการแสวงหาความรู้จริง - - การแสวงหาและใช้ความรู้ในงานพยาบาลอนามัยชุมชน - - ทฤษฎีการพยาบาอนามัยชุมชน - - การพัฒนาทฤษฎีพยาบาลในงานอนามัยชุมชน - - หลักฐานเชิงประจักษ์เพื่อพัฒนาความรู้และการปฏิบัติ - - การประยุกต์เพื่อพัฒนาการปฏิบัติการพยาบาลอนามัยชุมชน - - การบูรณาการความรู้เพื่อพัฒนาการปฏิบัติการพยาบาลอนามัยชุมชน
650  7 ^aการพยาบาลอนามัยชุมชน
650  7 ^aอนามัยชุมชน, การพยาบาล
650  7 ^aการพยาบาลสาธารณสุขศาสตร์
710 2  ^aมหาวิทยาลัยมหิดล. ^bคณะสาธารณสุขศาสตร์.^bภาควิชาการพยาบาลสาธารณสุข
945    ^p600^l0^i22001
945    ^p600^l0^i22002
945    ^p600^l0^i22003
945    ^p600^l0^i22004
945    ^p600^l0^i22005
945    ^p600^l0^i22006
945    ^p600^l0^i22007
945    ^p600^l0^i22008
945    ^p600^l0^i22009
945    ^p600^l0^i22010
999    ^aทศพร เกษรทอง
รายการนี้ยังไม่มีแท็ก
คุณยังไม่ได้ล็อกอิน คุณสามารถมีกิจกรรมร่วมกับเว็บไซต์ได้ แต่ต้องล็อกอินก่อน ::
  ล็อกอิน

รายการสื่อสารสนเทศ

ลำดับที่ ประเภท เลขเรียก/บาร์โค้ด สถานที่ สถานะ
1. Book การพยาบาล
Book การพยาบาล
สถานะ=หนังสือเก่า
WY106 พ718ท ฉ.1 
  Barcode: 22001
ห้องสมุดวิทยาเขตนครสวรรค์
►ส่วนจัดเก็บหนังสือเก่า นว.
บนชั้น
  ขอยืม
2. Book การพยาบาล
Book การพยาบาล
WY106 พ718ท ฉ.10 
  Barcode: 22010
ห้องสมุดวิทยาเขตนครสวรรค์
►ส่วนจัดเก็บหนังสือเก่า นว.
บนชั้น
  ขอยืม
3. Book การพยาบาล
Book การพยาบาล
WY106 พ718ท ฉ.2 
  Barcode: 22002
ห้องสมุดวิทยาเขตนครสวรรค์
►ส่วนจัดเก็บหนังสือเก่า นว.
บนชั้น
  ขอยืม
4. Book การพยาบาล
Book การพยาบาล
WY106 พ718ท ฉ.3 
  Barcode: 22003
ห้องสมุดวิทยาเขตนครสวรรค์
►ส่วนจัดเก็บหนังสือเก่า นว.
บนชั้น
  ขอยืม
5. Book การพยาบาล
Book การพยาบาล
WY106 พ718ท ฉ.4 
  Barcode: 22004
ห้องสมุดวิทยาเขตนครสวรรค์
►ส่วนจัดเก็บหนังสือเก่า นว.
บนชั้น
  ขอยืม
6. Book การพยาบาล
Book การพยาบาล
WY106 พ718ท ฉ.5 
  Barcode: 22005
ห้องสมุดวิทยาเขตนครสวรรค์
►ส่วนจัดเก็บหนังสือเก่า นว.
บนชั้น
  ขอยืม
7. Book การพยาบาล
Book การพยาบาล
WY106 พ718ท ฉ.6 
  Barcode: 22006
ห้องสมุดวิทยาเขตนครสวรรค์
►ส่วนจัดเก็บหนังสือเก่า นว.
บนชั้น
  ขอยืม
8. Book การพยาบาล
Book การพยาบาล
WY106 พ718ท ฉ.7 
  Barcode: 22007
ห้องสมุดวิทยาเขตนครสวรรค์
►ส่วนจัดเก็บหนังสือเก่า นว.
บนชั้น
  ขอยืม
9. Book การพยาบาล
Book การพยาบาล
WY106 พ718ท ฉ.8 
  Barcode: 22008
ห้องสมุดวิทยาเขตนครสวรรค์
►ส่วนจัดเก็บหนังสือเก่า นว.
บนชั้น
  ขอยืม
10. Book การพยาบาล
Book การพยาบาล
WY106 พ718ท ฉ.9 
  Barcode: 22009
ห้องสมุดวิทยาเขตนครสวรรค์
►ส่วนจัดเก็บหนังสือเก่า นว.
บนชั้น
  ขอยืม

รายการใกล้เคียง
    ผู้แต่ง [พิมพ์พรรณ ศิลปสุวรรณ]

    หัวเรื่อง [การพยาบาลอนามัยชุมชน]
    หัวเรื่อง [อนามัยชุมชน, การพยาบาล]
    หัวเรื่อง [การพยาบาลสาธารณสุขศาสตร์]

BibComment


ยังไม่เคยถูกคอมเมนท์

คอมเมนท์ทรัพยากรรายการนี้
  คอมเมนท์: ทฤษฎี ปรัชญา ควา..


 Copyright 2026. Bcnsprnw @Library